000 00458nam a2200181Ia 4500
001 19523
005 20260306172659.0
008 260306t2007||||xx |||||||||||||| ||spa||
041 _aESP
082 _a340.1
_bS13
100 _aSacco, Rodolfo
_eAUT
245 0 _aAntropologia giuridica:
_bcontributo ad una macrostoria del diritto
260 _c2007
300 _a352 páginas :
_c21 cm.
650 _aGEN
654 _aCDE
942 _cLIB
_dJUS
_fJUS
_2ddc
_n
999 _c19523
_d19523